000 00581nam a2200193Ia 4500
005 20250326144849.0
008 250326s9999 xx 000 0 und d
020 _a0-06-019796-X
037 _aTextbook
040 _aFMSL
_beng
_cFMSL
041 _aeng
_2eng
084 _aX:8 P2
_qFMSL
100 _aGray J
_9125685
245 0 _aMars and venus in th workplace : practical guide for improving communication and getting results at work
_cGray J
260 _aNY
_bNY, Harper Collins
_c2002
300 _axii,291
942 _cTB
_hX:8 P2
999 _c1305370
_d1305370